Současná situace v České společnosti kognitivně behaviorální terapie

Bibliographic Details
Main Authors: Praško, Ján, 1956- (Author), Zbytovský, J. (Author), Možný, P. (Author), Veselková, S. (Author)
Format: Article
Language:Czech

MARC

LEADER 00000nab a2200000uu 4500
001 vtls011143923
003 SK-MaSNL
005 20260303130007.0
008 230218|2004 xo |||||||||||||||||cze|
015 |a SNBRB 
035 |a (urnnbn)urn:nbn:sk:snk:ar-008h8q 
035 |a (uuid)5eca3085-1c58-48b2-9d7c-c5db87fe03f2 
035 |a urn:nbn:sk:snk-abav2c 
040 |a SNKBUCL  |b slo  |c SNKBUCL  |e AACR2 
041 0 |a cze 
044 |a xo  |c SK 
100 1 |a Praško, Ján,  |d 1956-  |4 aut  |9 196471 
245 1 0 |a Současná situace v České společnosti kognitivně behaviorální terapie  |c J. Praško, J. Zbytovský, P. Možný, S. Veselková 
700 1 |a Zbytovský, J.  |4 aut  |9 1117103 
700 1 |a Možný, P.  |4 aut  |9 1144463 
700 1 |a Veselková, S.  |4 aut  |9 1145104 
773 0 |t Česká a slovenská psychiatrie : Časopis české psychiatrické společnosti a slovenskej psychiatrickej spoločnosti  |g Roč. 100, č. Supplementum 1 (2004), s. 78-81 
954 |a odborná, vedecká literatúra cudzojazyčná (svetová)  |2 lita 
958 |a OND 
958 |a EUIPO 
958 |a article14 
999 |c 1937628  |d 1939558